000 00511nam a22001937a 4500
003 OSt
005 20160407120239.0
008 160318b xxu||||| |||| 00| 0 eng d
020 _a0486254399
040 _aKABU
_cKABU
050 _aML448
_b.M36 1987
100 _aMann, Alfred
245 _aTHE STUDY OF FUGUE
_cAlfred Mann
260 _aNew York
_bDover publications
_c1987
300 _axii, 339
650 _aFugue
651 _aFugue
942 _2lcc
_cBK
_hML448
_i.M36 1987 C.1
999 _c15855
_d15855